| 000 | 01043cam a22003251 4500 | ||
|---|---|---|---|
| 999 |
_c36182 _d36182 |
||
| 001 | 10333349 | ||
| 005 | 20221024115648.0 | ||
| 008 | 790221s1964 enk 000 0 eng | ||
| 010 | _a | ||
| 035 | _a(OCoLC)4676913 | ||
| 040 |
_aDLC _cTxF _dDLC |
||
| 050 | 0 | 0 |
_aPZ3.B7902 _bW62 _aPR4172.W7 |
| 080 | _a821.111 B-87 | ||
| 100 | 1 |
_aBrontë, Emily, _d1818-1848 _91579 |
|
| 245 | 1 | 0 |
_aWuthering Heights / _cby Emily Bronte. |
| 260 |
_aNew York, _bHarper & Row, _c1965. |
||
| 300 |
_a152 p. _c19 cm. |
||
| 650 | 0 |
_aTriangles (Interpersonal relations) _vFiction. _91580 |
|
| 650 | 0 |
_aRejection (Psychology) _vFiction. _91581 |
|
| 650 | 0 |
_aRural families _vFiction. _91582 |
|
| 650 | 0 |
_aFoundlings _vFiction. _91583 |
|
| 651 | 0 |
_aYorkshire (England) _vFiction. _91584 |
|
| 653 | _aმოთხრობები | ||
| 655 | 7 |
_aPsychological fiction. _2lcsh _91585 |
|
| 655 | 7 |
_aDomestic fiction. _2lcsh _91586 |
|
| 655 | 7 |
_aLove stories. _2gsafd _91587 |
|
| 906 |
_a7 _bcbc _coclcrpl _du _encip _f19 _gy-gencatlg |
||
| 942 |
_2udc _cBK |
||
| 984 | _agsl | ||